| 000 | 00981nam0a22002651 4500 | ||
|---|---|---|---|
| 001 | rc\4682804 | ||
| 005 | 20250612152242.0 | ||
| 021 |
_aRU _b[61-60791] |
||
| 035 | _a(NLR Aleph) 008708907 | ||
| 090 |
_a9345680 _c9345680 |
||
| 100 | _a20130416d1961 |||y0rusy50 ca | ||
| 101 | 0 | _arus | |
| 102 | _aRU | ||
| 105 | _aa z ||||| | ||
| 200 | 1 | _aПрогрессивная система контрольного осмотра троллейбусов в парках Ленинграда | |
| 210 |
_aМосква _cИзд-во М-ва коммун. хозяйства РСФСР _d1961 |
||
| 215 |
_a48 с. _cил. _d22 |
||
| 606 |
_aТроллейбусы _xУход и обслуживание _2psbo |
||
| 700 | 1 |
_aПопов _bВ. А. _cгос. служащий _f1908-2005 _gВасилий Алексеевич _9254114 _3RU\NLR\AUTH\770254170 |
|
| 801 | 0 |
_aRU _bNLR _gpsbo |
|
| 801 | 1 |
_aRU _bELAR _2rusmarc |
|
| 852 |
_aNLR _j61-6/8080 |
||
| 942 | _cBOOK | ||
| 980 | _aNB | ||